00630nam a2200193Ia 4500952013300000999001700133003000400150005001700154008004100171020001800212040000900230082001800239100002600257245004300283260004700326300000900373650001200382942004200394 00102ddc40708PHYSICSaMESbMEScPHYd2019-02-20g350.00l0o530.09 NEW/Hp34390r2019-02-20 00:00:00w2019-02-20yBKzGL11R2 c34276d34276OSt20200907105736.0190216s9999||||xx |||||||||||||| ||und|| a9788173716256 coclc a530.09bNEW/H aNewton, Roger G94460 2aA History Of Physics /cRoger G Newton bPearson Education Asia,c2008.aNew Delhi: a340p aPhysics cBK2ddch530.09iNEW/Hk530.09mNEW/H